বাংলাদেশ উদ্ভিদ প্রাণী জ্ঞানকোষ : (Record no. 14684)
[ view plain ]
| 000 -LEADER | |
|---|---|
| fixed length control field | 01332cam a2200289 a 4500 |
| 001 - CONTROL NUMBER | |
| control field | BD-DhSAU #14684 |
| 003 - CONTROL NUMBER IDENTIFIER | |
| control field | BD-DhSAU |
| 005 - DATE AND TIME OF LATEST TRANSACTION | |
| control field | 20190519153601.0 |
| 008 - FIXED-LENGTH DATA ELEMENTS--GENERAL INFORMATION | |
| fixed length control field | 891020s2009 bg a rb f100 0 eng |
| 020 ## - INTERNATIONAL STANDARD BOOK NUMBER | |
| International Standard Book Number | 9843000002860 |
| 040 ## - CATALOGING SOURCE | |
| Original cataloging agency | BD-DhSAU |
| 082 00 - DEWEY DECIMAL CLASSIFICATION NUMBER | |
| Classification number | 030 |
| Edition number | 22 |
| Item number | B2246 |
| 110 ## - MAIN ENTRY--CORPORATE NAME | |
| Corporate name or jurisdiction name as entry element | বাংলাদেশ এশিয়াটিক সোসা্ইটি |
| 245 10 - TITLE STATEMENT | |
| Title | বাংলাদেশ উদ্ভিদ প্রাণী জ্ঞানকোষ : |
| Remainder of title | পাখি , খন্ড : 26 / |
| 260 ## - PUBLICATION, DISTRIBUTION, ETC. (IMPRINT) | |
| Place of publication, distribution, etc. | ঢাকা : |
| Name of publisher, distributor, etc. | বাংলাদেশ এশিয়াটিক সোসা্ইটি, |
| Date of publication, distribution, etc. | c2009. |
| 300 ## - PHYSICAL DESCRIPTION | |
| Extent | viii, 770 p.; |
| Other physical details | ill. : |
| Dimensions | 25 cm. |
| 440 ## - SERIES STATEMENT/ADDED ENTRY--TITLE | |
| Volume/sequential designation | খন্ড : 26 |
| Title | পাখি |
| 504 ## - BIBLIOGRAPHY, ETC. NOTE | |
| Bibliography, etc | নির্ঘন্ট ও গ্রন্থপজ্ঞি সম্বলিত । |
| 590 ## - Name of Cataloguer | |
| Name of Cataloger | কামিম |
| 650 #0 - SUBJECT ADDED ENTRY--TOPICAL TERM | |
| Topical term or geographic name as entry element | জ্ঞানকোষ- উদ্ভিদ বিজ্ঞান-বাংলাদেশ |
| 650 #0 - SUBJECT ADDED ENTRY--TOPICAL TERM | |
| Topical term or geographic name as entry element | জ্ঞানকোষ- প্রাণী বিজ্ঞান -বাংলাদেশ । |
| 650 #0 - SUBJECT ADDED ENTRY--TOPICAL TERM | |
| Topical term or geographic name as entry element | পাখি |
| 700 ## - ADDED ENTRY--PERSONAL NAME | |
| Personal name | আহমেদ, জিয়া উদ্দিন |
| 700 ## - ADDED ENTRY--PERSONAL NAME | |
| Personal name | হক, ইমাম আল |
| 700 ## - ADDED ENTRY--PERSONAL NAME | |
| Personal name | খন্দকার, মনিরুজ্জামান |
| 942 ## - ADDED ENTRY ELEMENTS (KOHA) | |
| Source of classification or shelving scheme | Dewey Decimal Classification |
| Koha item type | Book |
| Withdrawn status | Lost status | Source of classification or shelving scheme | Damaged status | Not for loan | Collection code | Home library | Branch Name | Shelving location | Date acquired | Total Checkouts | Full call number | Barcode | Date last seen | Price effective from | Koha item type |
|---|---|---|---|---|---|---|---|---|---|---|---|---|---|---|---|
| Dewey Decimal Classification | Not For Loan | Reference | SAU Library | SAU Library | Reference | 19/05/2019 | 030 B2246 | 41335 | 19/05/2019 | 19/05/2019 | Book |
